000 01026 a2200229 4500
003 BJBSDDR
005 20260320130242.0
007 ta
008 260320s2010 fr 00| 0 fre d
020 _a9782749509495
020 _a2749509491
040 _bfre
_cBJBSDDR
041 _afre
050 _bM741 2010
245 0 3 _aLa mondialisation gens̈e, acteurs et enjeux /
_cGérard Baconnier.
260 _aParís :
_bÉditions Bréal,
_c2010.
300 _a361 pages ;
_bcartes, tabl., graph ;
_c25 cm
520 _aCet ouvrage - Un découpage en fiches adapté aux khôlles et aux révisions. - Des documents graphiques pour mémoriser facilement les dernières données chiffrées. - Des exemples concrets pour illustrer les dissertations de concours. - Des cartes pour s'entraîner aux études de cas et aux commentaires de documents. Des fiches claires, synthétiques et pertinentes pour comprendre les enjeux contemporains.
700 1 _aBaconnier, Gérard,
_d1947-
_947625
942 _2lcc
_cBK
_n0
946 _irmza
999 _c126654
_d126654